=LDR 00000nam 2200000 4500 =001 NUTBA000000000005457 =005 20141030104740.0 =006 =007 =008 =020 ##$$a 602.8227.40-7 =035 ##$$a 0010-101400000000687 =040 ##$$a NBPDMAT =082 ##$$a 639.4 =090 ##$$a 639.4 Adh p =100 ##$$a Adhyaksa Dault =245 ##$$a Pemuda dan kelautan Penebar Jala$c Adhyaksa Dault =260 ##$$a Yogyakarta$bCitra Aji Parama$c2009 =300 ##$$a iv, 56 hlm$bilus$c28 cm =650 ##$$a Ikan, Menakar =850 ##$$a NBPDMAT